[Event "Reunion op 07th"]
[Site "Reunion"]
[Date "2004.10.16"]
[Round "9"]
[White "Giraud, Aymeric"]
[Black "Thimsiong, Matthieu"]
[Result "1/2-1/2"]
[WhiteElo "1580"]
[BlackElo "1560"]
[PlyCount "54"]
[EventDate "2004.10.09"]
[EventType "swiss"]
[EventRounds "9"]
[EventCountry "RUF"]
[SourceTitle "CBM 102 Extra"]
[Source "ChessBase"]
[SourceDate "2004.11.03"]
[SourceVersion "1"]
[SourceVersionDate "2004.11.03"]
[SourceQuality "1"]

1. e4 d5 2. exd5 Nf6 3. d4 Nxd5 4. c4 Nf6 5. Nf3 e6 6. Nc3 Be7 7. Bd3 b6 8. 0-0 0-0 9. Be3 Bb7 10. a3 Nbd7 11. d5 exd5 12. Nxd5 Nc5 13. Nxe7+ Qxe7 14. Bxc5 Qxc5 15. b4 Qd6 16. Qc2 Bxf3 17. gxf3 Rad8 18. Rad1 Qf4 19. Be4 Nxe4 20. Qxe4 Qxe4 21. fxe4 Rfe8 22. Rfe1 Kf8 23. f3 Ke7 24. Kg2 Rd7 25. Rxd7+ Kxd7 26. Rd1+ Ke7 27. Kg3 Rd8 1/2-1/2

[Event "Reunion op 07th"]
[Site "Reunion"]
[Date "2004.10.15"]
[Round "8"]
[White "Thimsiong, Matthieu"]
[Black "Gilles de la Londe, Jean Francois"]
[Result "1/2-1/2"]
[WhiteElo "1560"]
[BlackElo "1720"]
[PlyCount "116"]
[EventDate "2004.10.09"]
[EventType "swiss"]
[EventRounds "9"]
[EventCountry "RUF"]
[SourceTitle "CBM 102 Extra"]
[Source "ChessBase"]
[SourceDate "2004.11.03"]
[SourceVersion "1"]
[SourceVersionDate "2004.11.03"]
[SourceQuality "1"]

1. e4 Nf6 2. e5 Nd5 3. d4 d6 4. c4 Nb6 5. f4 dxe5 6. fxe5 Nc6 7. Be3 Bf5 8. Nf3 e6 9. Nc3 Be7 10. Be2 f6 11. 0-0 Bg4 12. d5 exd5 13. exf6 Bxf6 14. cxd5 Ne7 15. Bd4 0-0 16. Bxf6 Rxf6 17. Ne5 Bxe2 18. Qxe2 Nbxd5 19. Nxd5 Nxd5 20. Rad1 c6 21. Rxf6 Qxf6 22. Nf3 Rf8 23. Rf1 Qe7 24. Qxe7 Nxe7 25. Nd4 Rxf1+ 26. Kxf1 Kf7 27. Ke2 Nd5 28. Kf3 Kf6 29. Ke4 g6 30. g3 a5 31. a4 Ke7 32. Ke5 Kd7 33. Ne6 Ke7 34. Nc5 b6 35. Ne4 Nb4 36. Nf2 c5 37. h3 Kd7 38. Kf6 c4 39. Nd1 Nd3 40. Kg7 Kd6 41. Kxh7 Kc5 42. Kxg6 Kd4 43. h4 Nxb2 44. h5 Nxd1 45. h6 c3 46. h7 c2 47. h8Q+ Kc4 48. Qa1 Kd3 49. Qa3+ Kd2 50. Qa2 Nc3 51. Qb2 Ne2 52. g4 Kd1 53. Qb3 Kd2 54. Qd5+ Ke1 55. Qh1+ Kd2 56. Qd5+ Ke1 57. Qh1+ Kd2 58. Qh6+ Kd1 1/2-1/2

[Event "Reunion op 07th"]
[Site "Reunion"]
[Date "2004.10.13"]
[Round "5"]
[White "Han Yee Yu, Murielle"]
[Black "Thimsiong, Matthieu"]
[Result "1/2-1/2"]
[WhiteElo "1770"]
[BlackElo "1560"]
[PlyCount "80"]
[EventDate "2004.10.09"]
[EventType "swiss"]
[EventRounds "9"]
[EventCountry "RUF"]
[SourceTitle "CBM 102 Extra"]
[Source "ChessBase"]
[SourceDate "2004.11.03"]
[SourceVersion "1"]
[SourceVersionDate "2004.11.03"]
[SourceQuality "1"]

1. d4 Nf6 2. c4 e6 3. Nf3 c5 4. d5 exd5 5. cxd5 d6 6. Nc3 Be7 7. e4 Bg4 8. Be2 Nbd7 9. 0-0 0-0 10. Nd2 Bxe2 11. Qxe2 Re8 12. Nc4 Nb6 13. h3 Nxc4 14. Qxc4 a6 15. Bf4 Nd7 16. Qb3 Qb6 17. Qxb6 Nxb6 18. e5 Rad8 19. exd6 Bxd6 20. Bxd6 Rxd6 21. Rfe1 Rxe1+ 22. Rxe1 Kf8 23. Rd1 Ke7 24. Ne4 Rxd5 25. Rxd5 Nxd5 26. Nxc5 b5 27. Nxa6 Kd6 28. a3 Kc6 29. Kf1 Kb6 30. Nb4 Nxb4 31. axb4 Kc6 32. Ke2 Kd5 33. Kd3 Ke5 34. h4 Kd5 35. g4 f6 36. f4 g6 37. g5 f5 38. b3 Ke6 39. Ke3 Kd5 40. Kd3 Ke6 1/2-1/2

[Event "Reunion op 07th"]
[Site "Reunion"]
[Date "2004.10.11"]
[Round "4"]
[White "Thimsiong, Matthieu"]
[Black "Demery, Patrick"]
[Result "1/2-1/2"]
[WhiteElo "1560"]
[BlackElo "1490"]
[PlyCount "98"]
[EventDate "2004.10.09"]
[EventType "swiss"]
[EventRounds "9"]
[EventCountry "RUF"]
[SourceTitle "CBM 102 Extra"]
[Source "ChessBase"]
[SourceDate "2004.11.03"]
[SourceVersion "1"]
[SourceVersionDate "2004.11.03"]
[SourceQuality "1"]

1. e4 e5 2. Nf3 Nc6 3. Bc4 Bc5 4. c3 Nf6 5. d3 h6 6. Nbd2 0-0 7. 0-0 d6 8. h3 Be6 9. Bxe6 fxe6 10. Nb3 Bb6 11. Re1 Ne7 12. Be3 Bxe3 13. Rxe3 Ng6 14. d4 exd4 15. Nbxd4 Qc8 16. Qb3 d5 17. exd5 exd5 18. Qc2 Kf7 19. Rae1 Ne4 20. Nd2 Nf6 21. N4f3 c6 22. Ne5+ Nxe5 23. Rxe5 Kg8 24. Qg6 Rf7 25. f3 Qf8 26. Nf1 Re8 27. Rxe8 Nxe8 28. Qe6 Nf6 29. Ng3 g6 30. Re2 Kh7 31. Qe3 a6 32. Qd2 Qd6 33. Ne4 Nxe4 34. Rxe4 Qc5+ 35. Qe3 Qxe3+ 36. Rxe3 g5 37. Kf2 Kg6 38. Re6+ Rf6 39. Re7 Rf7 40. Rxf7 Kxf7 41. Ke3 c5 42. f4 Kf6 43. g4 d4+ 44. cxd4 cxd4+ 45. Kxd4 gxf4 46. Ke4 Kg5 47. Kf3 Kh4 48. Kxf4 Kxh3 49. Kf3 Kh4 1/2-1/2